| 000 | 00968nam a2200301 i 4500 | ||
|---|---|---|---|
| 001 | 000016204 | ||
| 003 | DO-SdBNP | ||
| 005 | 20250912142107.0 | ||
| 007 | ta | ||
| 008 | 100301s1995 dr 000 0 spa d | ||
| 020 | _a8460535274 | ||
| 040 |
_aDO-SdBNP _bspa _cBNPHU _erda |
||
| 041 | _aspa | ||
| 049 | _aBNPD | ||
| 082 |
_axxx _bR426l _222 |
||
| 110 | 1 |
_aRepública Dominicana _9447 |
|
| 240 | 1 | 3 | _a[ Leyes, etc.] |
| 245 | 1 | 0 |
_aLey sobre procedimiento de casación : _blegislación, jurisprudencia y doctrina / _cPérez de León, Rafael Tulio. |
| 264 |
_aSanto Domingo : _bAsociación Hipólito Herrera Billini : _bCapel Dominicana, _c1995. |
||
| 300 |
_a296 páginas ; _c25 cm. |
||
| 336 |
_ardacontent _btexto _2txt |
||
| 337 |
_ardamedia _bsin mediación _2n |
||
| 338 |
_ardacarrier _bvolumen _2nc |
||
| 500 | _aIncluye referencias bibliográficas y notas al pie de las páginas. | ||
| 590 | _aInventariado, 2025/DG | ||
| 910 | _aDG | ||
| 942 |
_2ddc _cLBS1 |
||
| 999 |
_c15742 _d15742 |
||